| 000 | 00400nam a2200157Ia 4500 | ||
|---|---|---|---|
| 020 | _a(pbk) | ||
| 082 |
_a297 _bGOS |
||
| 245 | _aThe Gospel of barnabas | ||
| 260 |
_aKarachi _bBawany Islamic Literature ( Trust ) _c1907 |
||
| 300 | _a297p. | ||
| 526 |
_a0 _b0 _c0 _d297_000000000000000_GOS |
||
| 650 |
_aBible- English _937230 |
||
| 650 |
_aMCE _9379 |
||
| 700 |
_aLonsdale _937231 |
||
| 942 |
_2ddc _cBK |
||
| 999 |
_c542137 _d542137 |
||